Statistics for Countries With Most Football Managers Overseas

Click here to take the quiz!

General Stats

  • This quiz has been taken 75 times
  • The average score is 18 of 25

Answer Stats

#NumberAnswer% Correct
1270Brazil
99%
4135Spain
99%
3139Argentina
97%
998France
97%
1088Germany
97%
2193Italy
97%
6117Portugal
96%
7105England
87%
1342Netherlands
85%
1737Russia
85%
8102Croatia
81%
1934Greece
81%
1342Poland
79%
2130Ireland
78%
1639Scotland
76%
5122Serbia
74%
1316Turkey
71%
1836Uruguay
68%
2423Czech Republic
62%
2032Romania
62%
1173Bosnia & Herzegovina
51%
2423South Korea
34%
2227Morocco
28%
2324Albania
24%
1342Tunisia
21%

Score Distribution

Percentile by Number Answered

Percent of People with Each Score

Your Score History

You have not taken this quiz